How to stop smoking (Record no. 2968)

MARC details
000 -LEADER
fixed length control field 00367nam a2200157Ia 4500
003 - CONTROL NUMBER IDENTIFIER
control field OSt
005 - DATE AND TIME OF LATEST TRANSACTION
control field 20231214170908.0
008 - FIXED-LENGTH DATA ELEMENTS--GENERAL INFORMATION
fixed length control field 230525s9999 xx 000 0 und d
082 ## - DEWEY DECIMAL CLASSIFICATION NUMBER
Classification number 616.865
Item number TARH
100 ## - MAIN ENTRY--PERSONAL NAME
Personal name TARGET,George
245 #0 - TITLE STATEMENT
Title How to stop smoking
260 ## - PUBLICATION, DISTRIBUTION, ETC.
Place of publication, distribution, etc. Delhi
Name of publisher, distributor, etc. Sudha Publ.
Date of publication, distribution, etc. 1987
300 ## - PHYSICAL DESCRIPTION
Extent 103
650 ## - SUBJECT ADDED ENTRY--TOPICAL TERM
Topical term or geographic name entry element Surgery/Medical
942 ## - ADDED ENTRY ELEMENTS (KOHA)
Koha item type Book
Source of classification or shelving scheme Dewey Decimal Classification
Holdings
Withdrawn status Lost status Source of classification or shelving scheme Damaged status Not for loan Home library Current library Date acquired Source of acquisition Cost, normal purchase price Full call number Barcode Date last seen Price effective from Koha item type Public note
    Dewey Decimal Classification     RIC Library RIC Library 05/25/2023 HCM RIPA 25.00 616.865 TARH 002278 05/25/2023 05/25/2023 Book R-10.2

Venue

Rajasthan International Centre
Sansthan Path,JLN Marg, Jaipur- 302017
Phone: +91-7230904025